| 000 | 00754nas a2200157 a 4500 | ||
|---|---|---|---|
| 008 | 120416c20069999||||||||||||||||| || u | ||
| 050 | _aUN-ECE(058)ADR | ||
| 110 | _aUnited Nations Economic Commission for Europe (UNECE) | ||
| 245 | 1 | 0 |
_aEuropean Agreement concerning the International Carriage of Dangerous Goods by Road (ADR) _cby United Nations Economic Commission for Europe Inland Transport Committee |
| 260 |
_aNew York : _bUNITED NATIONS _c06/04/2006 |
||
| 300 | _a2 | ||
| 350 | _a0.00 | ||
| 650 | _aTRANSPORTATION | ||
| 650 | 0 | _aHAZARDOUS SUBSTANCES--TRANSPORTATION | |
| 995 |
_D0.00 _FCBU-MAIN LIBRARY (Kitwe) _H1 _I0.00 _M2 _UAVAILABLE _WApr 6, 2006 _ZAnnex Low-Usage Collection |
||
| 999 |
_c42574 _d42574 |
||